000
00218 a2200097 4500
001
2043
100
_a
Andreson, N H
245
_a
Aircraft layout and detail design.
260
_a
_b
Mc Graw Hill
_c
090
_c
1510
_d
1510
942
_a
NUST-CAE
_c
M
_c
5670
999
_c
237116
_d
237116